| 000 | 00674nam a2200241 a 4500 | ||
|---|---|---|---|
| 008 | |||
| 020 | _a0201593971 (pbk.) | ||
| 049 | _aMAIN | ||
| 090 |
_aHB171.5 _bPAR |
||
| 100 | 1 | _aParkin, Michael | |
| 245 | 1 | 0 |
_aEconomics / _cedited by Michael Parkin and David King. |
| 250 | _a2nd ed. | ||
| 260 |
_aWorkingham : _bAddison-Wesley, _cc1995. |
||
| 300 |
_axxxii, 1042 p. : _bill. (some col.) ; _c26 cm. |
||
| 500 | _aIncludes index. | ||
| 650 | 0 | _aEconomics. | |
| 700 | 1 | _aKing, David N. | |
| 907 |
_a.b1014867x _b07-11-11 _c26-01-05 |
||
| 003 | |||
| 005 | 20230123133920.0 | ||
| 040 | _cNUST | ||
| 942 |
_cBOOKS _kHB171.5 _mPAR |
||
| 999 |
_c156807 _d156807 |
||